Missing Word: Classic Rock Albums Quiz Stats

 Plays Quiz Updated Jan 21, 2018

Challenge
Share
Tweet
Embed
Score 0/20 Timer 03:00
1 Play Today
% Correct
Hotel
97%
Bomb
91.2%
These
83.7%
Joshua
83.7%
Attic
83.1%
Fingers
80.8%
Road
65.1%
Line
64.2%
Rattle
63.5%
Achtung
59.4%
% Correct
Bleed
56.9%
Long
56.4%
Exile
54.8%
Beggars
46.9%
Grip
42%
Goats
39.8%
Permanent
35.8%
Unforgettable
32.4%
Border
19.3%
Wings
12.5%

Today's Daily Dose

You're not logged in!

Compare scores with friends on all Sporcle quizzes.
Join for Free
OR
Log In

You Might Also Like...

Show Comments

Extras

Top Quizzes Today


Score Distribution

Your Account Isn't Verified!

In order to create a playlist on Sporcle, you need to verify the email address you used during registration. Go to your Sporcle Settings to finish the process.

Report this User

Report this user for behavior that violates our Community Guidelines.

Details: